Fundamental Modeling Concepts. (Record no. 3018)

MARC details
000 -LEADER
fixed length control field 00617nam a2200193 4500
003 - CONTROL NUMBER IDENTIFIER
control field OSt
005 - DATE AND TIME OF LATEST TRANSACTION
control field 20240827095338.0
008 - FIXED-LENGTH DATA ELEMENTS--GENERAL INFORMATION
fixed length control field 160209b xxu||||| |||| 00| 0 eng d
020 ## - INTERNATIONAL STANDARD BOOK NUMBER
International Standard Book Number 047002710
040 ## - CATALOGING SOURCE
Transcribing agency DDC.
082 ## - DEWEY DECIMAL CLASSIFICATION NUMBER
Classification number 658.4038011KNO 2005
100 ## - MAIN ENTRY--PERSONAL NAME
Personal name Knolpfer Andrew;Grone,Bernhard;Tabeling ,Peter;
9 (RLIN) 6759
245 ## - TITLE STATEMENT
Title Fundamental Modeling Concepts.
Remainder of title Effective communication of IT systems.
260 ## - PUBLICATION, DISTRIBUTION, ETC. (IMPRINT)
Place of publication, distribution, etc. London ,UK
Name of publisher, distributor, etc. John,Willy &Sons Ltd.
Date of publication, distribution, etc. 2005.
300 ## - PHYSICAL DESCRIPTION
Extent xv,334p;
Other physical details ill;
Dimensions 24cm.
504 ## - BIBLIOGRAPHY, ETC. NOTE
Bibliography, etc includes Appendix,Glossary,references and index.
650 ## - SUBJECT ADDED ENTRY--TOPICAL TERM
Topical term or geographic name as entry element Communication.
9 (RLIN) 1820
942 ## - ADDED ENTRY ELEMENTS (KOHA)
Source of classification or shelving scheme Dewey Decimal Classification
Koha item type Open Shelf
Holdings
Withdrawn status Lost status Source of classification or shelving scheme Damaged status Not for loan Home library Current library Date acquired Source of acquisition Inventory number Total Checkouts Full call number Barcode Date last seen Price effective from Koha item type
    Dewey Decimal Classification     MUST Main Library MUST Main Library 09/02/2016   09/31833.   658.4038011KNO 2005 2016-0151 09/02/2016 09/02/2016 Short Loan
    Dewey Decimal Classification Damaged   MUST Main Library MUST Main Library 27/08/2024 Donation 09/31786   658.4038011KNO 2005 2024-22280 27/08/2024 27/08/2024 Open Shelf